| 000 | 00637nam a22002057a 4500 | ||
|---|---|---|---|
| 999 |
_c9125 _d9125 |
||
| 003 | AR-CdUCM | ||
| 008 | 190327b ||||| |||| 00| 0 spa d | ||
| 020 | _a978-85-61871-32-1 | ||
| 040 |
_aMUNICIPALIDAD PROVINCIAL DEL CUSCO _cBIBLIOTECA MUNICIPAL DEL CUSCO |
||
| 082 |
_a869.9 / _bP43 |
||
| 100 |
_aPereira, Terezinha _925143 |
||
| 245 |
_aO amante imaginario : _bcontos / |
||
| 260 |
_aPará de minas : _bRinaldo de Moura Faria, _c2012. |
||
| 300 |
_a96 páginas ; _c21 cm. |
||
| 505 | _aCuentos brasileños. | ||
| 650 |
_aLiteratura brasileña _92733 |
||
| 650 |
_aContos brasileiros _925144 |
||
| 942 |
_2ddc _cLIBROS |
||
| 945 | _aacv | ||